|
|
|
|
| LEADER |
00000nab a2200000 a 4500 |
| 001 |
vtls000388940 |
| 003 |
SK-MaSNL |
| 005 |
20260304212757.0 |
| 008 |
250424c1990 xo 0 slo |
| 015 |
|
|
|a SNBRB19rr/mm-uuuuu
|
| 035 |
|
|
|a CL0389064
|
| 035 |
|
|
|a urn:nbn:sk:snk-ab1rjm
|
| 035 |
|
|
|a (urnnbn)urn:nbn:sk:snk:ar-0064yz
|
| 035 |
|
|
|a (uuid)e6e347c9-9d74-4cb4-a3e6-7759570d0989
|
| 040 |
|
|
|a SNKBUCL
|b slo
|c SNKBUCL
|e AACR2
|
| 041 |
0 |
|
|a slo
|
| 044 |
|
|
|a xo
|c SK
|
| 080 |
|
|
|a 582.2/.9:801.312
|2 1981
|
| 080 |
|
|
|a 801.312
|2 1981
|
| 080 |
|
|
|a 582.2/.9
|2 1981
|
| 100 |
1 |
|
|a Popovič, Ivan,
|d 1944-
|4 aut
|9 193310
|
| 245 |
1 |
0 |
|a Nové názvy niektorých druhov rastlín
|c Ivan Popovič
|
| 650 |
0 |
7 |
|a rastliny
|2 snkbucl
|9 690
|
| 655 |
|
7 |
|a články z novín a časopisov
|2 snkbucl
|9 267496
|
| 700 |
1 |
|
|a Dostál, J.
|4 aut
|9 361601
|
| 773 |
0 |
|
|t Včelár
|g Roč. 64, č. 8 (1990), s. 188
|
| 787 |
0 |
8 |
|i Rec.:
|a Dostál, J.
|t Nová Květena ČSSR 1, 2
|d Praha : Academia, 1989
|
| 850 |
|
|
|a Slovenská národná knižnica
|
| 852 |
|
|
|a Slovenská národná knižnica
|
| 954 |
|
|
|a odborná, vedecká literatúra pôvodná (slovenská)
|2 lita
|
| 958 |
|
|
|a article27
|
| 958 |
|
|
|a OND
|
| 958 |
|
|
|a RK
|
| 958 |
|
|
|a EUIPO
|
| 992 |
|
|
|a RBX
|
| 999 |
|
|
|c 3132949
|d 3134879
|